Zákon Slovenskej národnej rady č. 9/1992 Zb. o obchodných a priemyselných komorách

Salvato in:
Dettagli Bibliografici
Natura: Libro
Lingua:slovacco
Pubblicazione: Bratislava Slovenská obchodná a priemyselná komora 1992
Edizione:1. vyd.
Soggetti:
Tags: Aggiungi Tag
Nessun Tag, puoi essere il primo ad aggiungerne!!

MARC

LEADER 00000nam a2200000 4500
001 c003043
005 20221214091120.5
020 |a 80-85588-03-X 
041 0 |a slo 
044 |a SK 
245 1 0 |a Zákon Slovenskej národnej rady č. 9/1992 Zb. o obchodných a priemyselných komorách 
250 |a 1. vyd. 
264 1 |a Bratislava  |b Slovenská obchodná a priemyselná komora  |c 1992 
300 |a 13 s. 
610 2 0 |a Slovensko 
610 2 0 |a komory obchodné 
610 2 0 |a SOPK Bratislava